000 00857nam a2200241 a 4500
001 BRCA_1579
005 20190320203456.0
008 021118s2001 mx-a---###---#000-0#spa-d
020 _a9684114192
040 _aXRW
_bspa
_cXRW
050 4 _aND259.V3
_b.K37 1989
100 1 _aKaplan, Janet A.
_95031
245 1 0 _aViajes inesperados
_bel arte y la vida de Remedios Varo
_cJanet A. Kaplan ; traducción Amalia Martín-Gamero.
260 _aMéxico
_bEra
_c1989
300 _a272 p.
_bil. (algunas a color)
_c26 cm.
500 _aTraducción de : Unexpected Journeys : The Art and Life of Remedios Varo
504 _aBibliografía : p. 260-266
600 1 4 _aVaro, Remedios
_d1908-1963
_94991
650 1 4 _aPintoras
_vBiografías
_ySiglo XX
_zMéxico
_95032
650 1 4 _aSurrealismo
_zMéxico
_94990
700 1 _aMartín-Gamero, Amalia
_95033
942 _2lcc
_cB
999 _c1409
_d1409